000 00809cam a2200241 a 4500
001 k 63000333
003 DLC
005 20260227111524.0
008 000222s1959 ko 000 1 kor c
010 _ak 63000333
035 _a(CStRLIN)DCLP00-B2326
040 _aHarvard Univ. Chinese-Japanese Library
_cYNH
_dDLC-R
_dDLC
050 0 0 _aPL992.415.Y673
_bT86 1959
066 _c$1
100 1 _6880-01
_aKim, Yong-un,
_d1940-
245 1 0 _6880-02
_aTumanʼgang /
_cKim Yong-un chŏ.
260 _6880-03
_a[Seoul] :
_bSinhŭng Chʻulpʻansa,
_cTanʼgi 4292 [1959]
300 _a134 p. ;
_c19 cm.
500 _aShort stories.
880 1 _6100-01/$1
_a金 龍雲,
_d1940-
880 1 0 _6245-02/$1
_a豆滿江 /
_c金 龍雲 著.
880 _6260-03/$1
_a[Seoul] :
_b新興 出版社,
_c檀紀 4292 [1959]
999 _c35335
_d35335